|
|
|
|
| LEADER |
01536nam a2200373 i 4500 |
| 001 |
EBC5846390 |
| 003 |
MiAaPQ |
| 005 |
20200520144314.0 |
| 006 |
m o d | |
| 007 |
cr cnu|||||||| |
| 008 |
190913s2019 cau o 000 0 eng d |
| 020 |
|
|
|z 9789353286484
|
| 020 |
|
|
|a 9789353286507 (e-book)
|
| 035 |
|
|
|a (MiAaPQ)EBC5846390
|
| 035 |
|
|
|a (Au-PeEL)EBL5846390
|
| 035 |
|
|
|a (OCoLC)1117629909
|
| 040 |
|
|
|a MiAaPQ
|b eng
|e rda
|e pn
|c MiAaPQ
|d MiAaPQ
|
| 043 |
|
|
|a a-ii---
|
| 050 |
|
4 |
|a JQ247
|b .S294 2019
|
| 082 |
0 |
|
|a 342.54068
|2 23
|
| 100 |
1 |
|
|a Saxena, N. C.
|q (Naresh Chandra),
|e author.
|
| 245 |
1 |
0 |
|a What ails the IAS and why it fails to deliver :
|b an insider's view /
|c Naresh Chandra Saxena.
|
| 264 |
|
1 |
|a Los Angeles, California :
|b Sage Publications,
|c 2019.
|
| 300 |
|
|
|a 1 online resource (273 pages)
|
| 336 |
|
|
|a text
|b txt
|2 rdacontent
|
| 337 |
|
|
|a computer
|b c
|2 rdamedia
|
| 338 |
|
|
|a online resource
|b cr
|2 rdacarrier
|
| 588 |
|
|
|a Description based on print version record.
|
| 590 |
|
|
|a Electronic reproduction. Ann Arbor, MI : ProQuest, 2018. Available via World Wide Web. Access may be limited to ProQuest affiliated libraries.
|
| 650 |
|
0 |
|a Civil service
|z India.
|
| 655 |
|
4 |
|a Electronic books.
|
| 776 |
0 |
8 |
|i Print version:
|t What ails the IAS and why it fails to deliver : an insider's view.
|d Los Angeles, California : Sage Publications, 2019
|h 273 pages
|z 9789353286484
|
| 797 |
2 |
|
|a ProQuest (Firm)
|
| 856 |
4 |
0 |
|u https://ebookcentral.proquest.com/lib/matrademy/detail.action?docID=5846390
|z Click to View
|